000
00306nam a2200121Ia 4500
008
191201s2013 xx 000 0 und d
100
_a
TOMASI,Wayne
245
0
_a
Introduction to Data Communications and Networking
260
_a
N. delhi
_b
Pearson
_c
2013
300
_a
985
650
_a
MCA
942
_2
ddc
_c
BK
999
_c
6094
_d
6094